| 000 | 00450nam a2200169Ia 4500 | ||
|---|---|---|---|
| 008 | 221030s9999 xx 000 0 und d | ||
| 020 | _a9332542884 | ||
| 041 | _aEnglish | ||
| 100 | _aN. H. E. Weste | ||
| 245 | 0 |
_aCMOS VLSI Design - A Circuits & Systems Perspective _cby N. H. E. Weste, D. M. Harris |
|
| 250 | _a4th | ||
| 260 |
_bPearson Education _aNew Delhi _c2016 |
||
| 300 | _a838 | ||
| 650 | _aECE | ||
| 700 | _aD. M. Harris | ||
| 942 | _cBK | ||
| 999 |
_c17199 _d17199 |
||